Vista normal
Vista MARC
Entrada Personal Name
Número de registros utilizados en: 3
001 - CONTROL NUMBER
- control field: 845
003 - CONTROL NUMBER IDENTIFIER
- control field: DLC
005 - DATE AND TIME OF LATEST TRANSACTION
- control field: 20250714113311.0
008 - FIXED-LENGTH DATA ELEMENTS
- fixed length control field: 960228n| azannaabn |a aaa c
010 ## - LIBRARY OF CONGRESS CONTROL NUMBER
- LC control number: nr 96008070
035 ## - SYSTEM CONTROL NUMBER
- System control number: (CaEvSKY)skya5830484
035 ## - SYSTEM CONTROL NUMBER
- System control number: (OCoLC)oca04022239
040 ## - CATALOGING SOURCE
- Original cataloging agency: UPB
- Language of cataloging: spa
- Description conventions: rda
- Transcribing agency: Mx-PuUPA
- Modifying agency: OCoLC
- Modifying agency: MX-SlUA
- Modifying agency: MX-MxCID
- Modifying agency: HU
- Modifying agency: Mx-PuUPA
100 1# - HEADING--PERSONAL NAME
- Personal name: Fix Fierro, Héctor,
372 ## - FIELD OF ACTIVITY
- Field of activity: Ley constitucional
- Field of activity: Jurisprudencia sociológica
- Source of term: lcsh
373 ## - ASSOCIATED GROUP
- Associated group: Universidad Nacional Autónoma de México. Instituto de Investigaciones Jurídicas
- Source of term: naf
374 ## - OCCUPATION
- Occupation: Investigador
374 ## - OCCUPATION
- Occupation: Autor
375 ## - GENDER
- Gender: hombre
- Source of term: lcdgt
377 ## - ASSOCIATED LANGUAGE
- Language code: spa
400 1# - SEE FROM TRACING--PERSONAL NAME
- Personal name: Fierro, Héctor Fix-
400 1# - SEE FROM TRACING--PERSONAL NAME
- Personal name: Fix, Héctor
670 ## - SOURCE DATA FOUND
- Source citation: A la puerta de la ley, 1994:
- Information found: cover (Héctor Fix Fierro, editor) t.p. (Héctor Fix)
670 ## - SOURCE DATA FOUND
- Source citation: El Estado constitucional, 2007:
- Information found: t.p. (Héctor Fix-Fierro, traductor)
670 ## - SOURCE DATA FOUND
- Source citation: Universidad Nacional Autónoma de México, via WWW, Mar.11, 2016:
- Information found: (Héctor Felipe Fix Fierro; Investigador titular "C" de tiempo completo en el Instituto de Investigaciones Jurídicas de la UNAM; líneas de Investigación: Derecho Constitucional, Sociología del Derecho)
- Uniform Resource Identifier: http://www.juridicas.unam.mx/invest/directorio/investigador.htm?p=hectorff